000 02326nam a2200301Ia 4500
005 20250223033120.0
008 231030s9999 xx 000 0 und d
049 _aDeposit
082 _a617.882
097 _aM.Sc.
099 _aCai01.11.12.M.sc.2022.He.R.
100 _aHeba Mohamed Abd El-Rahman Negm,
245 _aRole of Magnetic Resonance Imaging in Diagnosis of Meniere’s Disease /
_cSupervisors Mohamed Hafez Shaaban ؛ By Heba Mohamed Abd El-Rahman NegmMohamed Ibrahim Shabana,Mona Mohamed Hamdy
246 _aدور الرنين المغناطيسي في تشخيص مرضالمنيير
260 _c2022.
502 _aThesis (M.Sc.)-Cairo University,2022.
504 _aBibliography: p. 117-149.
520 _aشملت الدراسة الحالية 02 مريضا بالغا يعاني من الدوار الحركى. كان الغرض من هذه الدراسة قياس اهميه الرنين المغناطيسي في تشخيص مرض المنيير. و قد خضعت جميع الحاالت ألخذ التاريخ المرضى بالكامل، والفحص األذنى الكامل، والتقييم السمعي األساسي بما في ذلك ،اختبار االتزان بالجهد المثار العضلى الدهليزي و عمل اشعه الرنين المغناطيسي وقد اظهرت األذن المصابة ا ً تأخر ا ً كبير في مدة كمون موجة بي 31و ان ًض 01 في األذن المتأثرة ا وانخفا ملحوظًا في سعة موجة بي 31 -ان01 و كانت هناك نسبة اختالف كبير بين نسبة الفرق فى السعة بين االذنين بين الجانب المتأثر وغير المتأثر وقد اظهرت في مرض المنيير.sacculeبعض الحاالت في الرنين المغناطيسي كبر حجم كيس االذن الداخلية وكشفت هذه الدراسة ان الرنين المغناطيسي له دور هام في تأكيد تشخيص مرض المنيير
650 _aMénière’s disease
653 _aPerilymph
700 _aMona Mohamed Hamdy.
856 _uhttp://172.23.153.220/th.pdf
905 _aMohamady
942 _cTH
_2ddc
999 _c164184
_d164184
336 _2rda content
_atext
337 _2rdamedia
_aUnmediated
338 _2rdacarrier
_avolume